000 00342nam a2200145 i 4500
001 bg
100 1 _aMROCZKOWSKI, P.
245 0 _aHistoria literatury angielskiej /
_cP. Mroczkowski.
250 _aWyd.2 uzup.
260 _aWrocław,
_c1986.
040 _cBPK
041 _apol
942 _cKS
008 s pl f |000 0 pol
999 _c23194
_d23194
856 _uhttp://koha.tu.koszalin.pl/cgi-bin/koha/opac-detail.pl?biblionumber=23194
_yKatalog online BPK